Macroeconomics /

التفاصيل البيبلوغرافية
المؤلف الرئيسي: Mankiw, N. Gregory
التنسيق: كتاب
اللغة:English
منشور في: New York, NY ; New Delhi : Worth Publishers, 2007 [reprinted 2008].
الطبعة:Sixth edition.
الموضوعات:
Classic Catalogue: View this record in Classic Catalogue
LEADER 01401nam a2200289 a 4500
001 0016970
003 BD-DhAAL
008 091013r20082007nyua b 001 0 eng d
020 |a 9780230224926 
020 |a 0716752379 
040 |a DLC  |c DLC  |d DLC  |d BD-DhAAL 
082 0 0 |a 339  |2 21 
100 1 |a Mankiw, N. Gregory. 
245 0 0 |a Macroeconomics /  |c N. Gregory Mankiw. 
250 |a Sixth edition. 
260 |a New York, NY ;  |a New Delhi :  |b Worth Publishers,  |c 2007 [reprinted 2008]. 
300 |a xxxvi, 578 p. :  |b col. ill. ;  |c 24 cm 
504 |a Includes bibliographical references and index. 
526 |a ESS  |x Theophil Nokrek, DCO, Department of ESS 
541 1 |e 00016970  |a Ane Books 
650 0 |a Macroeconomics. 
852 4 |a Ayesha Abed Library  |c General Stacks 
942 |2 ddc  |c BK 
999 |c 4547  |d 4547 
952 |0 0  |1 2  |2 ddc  |4 0  |6 339_000000000000000_MAN  |7 0  |9 4290  |a BRACUL  |b BRACUL  |c GEN  |d 2009-10-13  |e Ane Books  |g 897.84  |l 10  |m 48  |o 339 MAN  |p 3010016970  |q 2017-04-11  |r 2013-07-14  |s 2013-07-14  |t 1  |w 2009-10-13  |y BK  |x Requisitioned by Theophil Nokrek, DCO, Department of ESS 
952 |0 0  |1 0  |2 ddc  |4 0  |6 339_MAN_200800000000000  |7 0  |9 4291  |a BRACUL  |b BRACUL  |c GEN  |d 2009-10-13  |g 720.00  |l 33  |m 249  |o 339 MAN  |p 3010018514  |r 2025-06-24  |s 2024-11-14  |t 2  |w 2009-10-13  |y BK 
952 |0 0  |1 4  |2 ddc  |4 0  |6 339_000000000000000_MAN  |7 0  |9 7538  |a BRACUL  |b BRACUL  |c GEN  |d 2010-01-28  |l 0  |o 339 MAN  |p 3010018513  |r 2010-01-28  |t 3  |w 2010-01-28  |y BK  |x Koha Inventory 2020